Normal view
MARC view
- FARAN AHMED
Entry Personal Name
001 - CONTROL NUMBER
- control field: 72818
003 - CONTROL NUMBER IDENTIFIER
- control field: NUST
005 - DATE AND TIME OF LATEST TRANSACTION
- control field: 20210628204919.0
008 - FIXED-LENGTH DATA ELEMENTS
- fixed length control field: 210628|| aca||aabn | a|a d
040 ## - CATALOGING SOURCE
- Original cataloging agency: NUST
- Transcribing agency: NUST
100 ## - HEADING--PERSONAL NAME
- Personal name: FARAN AHMED
670 ## - SOURCE DATA FOUND
- Source citation: Work cat.: (NUST): FARAN AHMED , TH-SOF-0775-STRATEGIC PLANNING MODELING FOR NEW ENGINEERING PRODUCTDEVELOPMENT, 2001
